000 00522nam a22001817a 4500
999 _c17131
_d17131
008 180709b xxu||||| |||| 00| 0 eng d
020 _a0070655706
040 _aKABU
_cKABU
050 _aHF5547
_b.A53 2009 c. 1
100 _aAndrews, Sudhir
245 _aHotel Front Office
_cSudhir Andrews
_ba training manual
250 _a2nd ed.
260 _aNew Delhi
_bTata McGraw-Hill
_c2009
300 _axxviii, 380 p.
650 _aOffice Management
650 _aPersonnel Management
942 _2lcc
_cBK
_hHF5547